Matemática : análisis 1 /

Guardado en:
Autor Principal: Altman, Silvia V.
Otros Autores: Comparatore, Claudia, Kurzrok, Liliana
Formato: Libro
Publicado: Buenos Aires : Longseller, 2005
Series:Libros Temáticos; No. 51
Materias:
Etiquetas: Agregar Etiqueta
Sin Etiquetas, Sea el primero en etiquetar este registro!
LEADER 00771nam a22002415a 4500
001 CEM.cems011887
005 20070528140534.0
008 130507s2005##################000#0#####d
003 CEMS
020 |a 9875500429 
082 0 4 |a 517 
100 1 |a Altman, Silvia V. 
245 1 0 |a Matemática :  |b análisis 1 /  |c Silvia Altman ; claudia Comparatore y Liliana Kurzrok 
260 |a Buenos Aires :  |b Longseller,  |c 2005 
300 |a 123 p. 
490 0 |a Libros Temáticos; No. 51 
505 0 |a El concepto de límite -- Cálculo de límites -- Asíntotas -- Continuidad 
653 |a Matemática 
653 |a Análisis 
653 |a Límites 
700 1 |a Comparatore, Claudia 
700 1 |a Kurzrok, Liliana 
859 |a CEMS  |b BIB. CEMS - 11 de abril  |h 517  |i AL79  |p 22977.05  |t Ej.1  |v 1  |3 1